000
00339 a2200157 4500
001
70715
020
_a
040
_c
Anchieta - Itaigara
100
_a
Empresa Baiana de Jornalismo S.A.
240
1
0
_a
Notável empreendedor
_l
por
245
1
0
_a
Notável empreendedor
300
_a
71
362
0
_a
2004
650
4
_a
Bahia
942
_c
BK
999
_c
70715
_d
70715